| 000 | 00851mam a2200277 4500 | ||
|---|---|---|---|
| 001 | 2781011 | ||
| 003 | ARRUPE | ||
| 005 | 20150324134851.0 | ||
| 008 | 890228s1922 nyu b 000 0beng d | ||
| 010 | _a 22005683 | ||
| 035 | _a(OCoLC)276364 | ||
| 035 | _a(OCoLC)ocm00276364 | ||
| 035 | _a(NNC)2781011 | ||
| 040 |
_cOWibfU _dNBiSU _dCStRLIN _dRPB _dNIC |
||
| 050 | 0 |
_aB3614.C74 _bP5 |
|
| 100 | 1 |
_aPiccoli, Raffaello, _d1886-1933. _914728 |
|
| 245 | 1 | 0 |
_aBenedetto Croce: _ban introduction to his philosophy, _cby Raffaello Piccoli. |
| 260 |
_aMilton Keynes, UK _bLighting _c[19?-] |
||
| 300 |
_axi, 315 p. _c19 cm. |
||
| 500 | _aPublished originally in 1922 | ||
| 504 | _a"Bibliographical note": p. 305-309. | ||
| 600 | 1 | 0 |
_aCroce, Benedetto, _d1866-1952. _914729 |
| 650 | 0 |
_aAesthetics. _914730 |
|
| 942 |
_2lcc _cMONOGRAPH |
||
| 999 |
_c121919 _d121919 |
||